2022 All Blacks - Statistics

General Stats
  • This quiz has been taken 13 times
    10 since last reset
  • The average score is 6 of 42
Answer Stats
Position Name % Correct
First Five-Eighth Beauden Barrett
75%
Halfback Aaron Smith
50%
Fullback Jordie Barrett
50%
Lock Scott Barrett
50%
Right Winger Will Jordan
50%
Loose Forward Ardie Savea
25%
Center Braydon Ennor
25%
Lock Brodie Retallick
25%
Left Winger Caleb Clarke
25%
Hooker Codie Taylor
25%
Hooker Dane Coles
25%
Prop Ethan DeGroot
25%
Halfback Finlay Christie
25%
Prop Karl Tu'inukuafe
25%
Prop Nepo Laulala
25%
Prop Ofa Tuungafasi
25%
Loose Forward Sam Cane
25%
Lock Samuel Whitelock
25%
Prop Tyrel Lomax
25%
Prop Aiden Ross
0%
Loose Forward Akira Ioane
0%
Prop Angus Ta’avao
0%
Loose Forward Dalton Papali'i
0%
Second Five-Eighth David Havili
0%
Prop Fletcher Newell
0%
Halfback Folau Fakatava
0%
Prop George Bower
0%
Loose Forward Hoskins Sotutu
0%
Center Jack Goodhue
0%
Lock Josh Dickson
0%
Left Winger Leicester Fainga'anuku
0%
Lock Patrick Tuipulotu
0%
Loose Forward Pita Gus Sowakula
0%
Second Five-Eighth Quinn Tupaea
0%
First Five-Eighth Richie Mo'unga
0%
Center Rieko Ioane
0%
Second Five-Eighth Roger Tuivasa-Sheck
0%
Hooker Samisoni Taukei'aho
0%
Right Winger Sevu Reese
0%
Loose Forward Shannon Frizell
0%
First Five-Eighth Stephen Perofeta
0%
Lock Tupou Vaa'i
0%
No matching quizzes found
Score Distribution
Percent of People with Each Score
Percentile by Number Answered
Your Score History
You have not taken this quiz since the last reset